Victorious quiz - Statistics

General Stats
  • This quiz has been taken 672 times
  • The average score is 6 of 15
Answer Stats
Question Answer % Correct
What is the name of the mean girl? Jade
99%
What is Tori's older sister called? Trina
81%
What is on Jades' locker? Scissors
67%
What is the drama teacher called? Sikowitz
67%
Who plays the above? Elizabeth Gillies
62%
What song does Tori sing to Ryder Daniels? Beggin' on your knees
59%
What son is sung in 'Jade and Tori's Playdate'? Take a hint
56%
What is Sikowitz's first name? Erwin
43%
What colour is Jade's hair in the first few episodes? Brown and Blue
23%
What is Cat giving out in 'A Christmas Tori'? Christmas Beef
22%
Who made the above? Her brother
22%
What is the name of the soda they have? Wahoo Punch
13%
What does Beck live in? An RV
11%
What is Cat's secret Santa present? Candyfloss machine
6%
What did they call themselves when they performed for 4 yo? The Diddilybops
1%
No matching quizzes found
Score Distribution
Percent of People with Each Score
Percentile by Number Answered
Your Score History
You have not taken this quiz